Valuing environmental goods (Record no. 61235)

MARC details
000 -LEADER
fixed length control field 00657nam a2200181 a 4500
008 - FIXED-LENGTH DATA ELEMENTS--GENERAL INFORMATION
fixed length control field 120416s1986 ||||||||||||||||| || u
020 ## - INTERNATIONAL STANDARD BOOK NUMBER
International Standard Book Number 0847674487
050 ## - LIBRARY OF CONGRESS CALL NUMBER
Classification number HB 846.5 Cum
100 ## - MAIN ENTRY--PERSONAL NAME
Personal name Cummings, Ronald G
245 10 - TITLE STATEMENT
Title Valuing environmental goods
246 ## - VARYING FORM OF TITLE
Title proper/short title an assessment of the contingent valuation method
260 ## - PUBLICATION, DISTRIBUTION, ETC.
Place of publication, distribution, etc. New York
Name of publisher, distributor, etc. Rowman & Littlefield
Date of publication, distribution, etc. 1986
300 ## - PHYSICAL DESCRIPTION
Extent xiii, 270p. : ill
350 ## - PRICE (NR) (BK AM CF MU VM SE) [OBSOLETE]
Price 0.00
650 ## - SUBJECT ADDED ENTRY--TOPICAL TERM
Topical term or geographic name entry element NATURAL RESOURCES--VALUATION
700 ## - ADDED ENTRY--PERSONAL NAME
Personal name Schulze, William D
995 ## - RECOMMENDATION 995 [LOCAL, UNIMARC FRANCE]
-- 0.00
-- CBU-MAIN LIBRARY (Kitwe)
-- 1
-- 0.00
-- 1
-- AVAILABLE
-- Annex Low-Usage Collection
Holdings
Withdrawn status Lost status Source of classification or shelving scheme Damaged status Not for loan Home library Current library Shelving location Date acquired Total Checkouts Full call number Barcode Date last seen Price effective from Koha item type
          CBU-MAIN LIBRARY, KITWE. CBU-MAIN LIBRARY, KITWE.   11/30/2022   HB 846.5 Cum 24489 11/30/2022 11/30/2022 MONOGRAPH